000 00402nam a22001337a 4500
005 20250912150952.0
020 _a9789362132789
082 _a956.94 JOH/O
100 _aJohny, Stanly
_91360
245 1 0 _aOriginal sin :
_cIsrael , Palestine and the revenge of old West Asia/
_bby Stanly Johny
260 _a. - Haryana
_b: Harper Collins Publishers
_c, 2024
300 _axix+227 pages
942 _2ddc
_cBK
999 _c751333
_d751333